Teoría de la Constitución
I tiakina i:
| Kaituhi matua: | |
|---|---|
| Hōputu: | Pukapuka |
| Reo: | Pāniora |
| I whakaputaina: |
Santiago
Universidad Nacional Andrés Bello
1994
|
| Putanga: | 3a. ed |
| Ngā marau: | |
| Ngā Tūtohu: |
Tāpirihia he Tūtohu
Kāore He Tūtohu, Me noho koe te mea tuatahi ki te tūtohu i tēnei pūkete!
|
MARC
| LEADER | 00000nam a2200000 a 4500 | ||
|---|---|---|---|
| 001 | UCY2767 | ||
| 003 | CL-VaPUC | ||
| 005 | 20220830074220.0 | ||
| 008 | 941116e19940000CL |||||||||||||||||spa|d | ||
| 999 | |c 231090 |d 231088 | ||
| 040 | |c Pontificia Universidad Católica de Valparaíso | ||
| 082 | 0 | 4 | |a 342 CUM 1994 |2 21 |
| 100 | 0 | |a Cumplido Cereceda, Francisco |e author |9 330868 | |
| 245 | 1 | 0 | |a Teoría de la Constitución |
| 250 | |a 3a. ed | ||
| 260 | |a Santiago |b Universidad Nacional Andrés Bello |c 1994 | ||
| 300 | |a 312 p | ||
| 583 | |a last modification |c 19941116 00:00:00 |k Rodrigo Vera | ||
| 600 | 0 | 7 | |a CONSTITUCION POLITICA DE 1925 |2 CL-VaPUC |9 255168 |
| 600 | 0 | 7 | |a CONSTITUCION POLITICA DE 1980 |2 CL-VaPUC |9 255131 |
| 650 | 0 | |a Reformas constitucionales |9 255169 | |
| 651 | 7 | |a CHILE |2 CL-VaPUC |9 330870 | |
| 852 | |a BIBCUR | ||
| 942 | |c BK |2 ddc | ||
| 945 | |d 19941116 00:00:00 |a aalvarez | ||
| 952 | |0 0 |1 0 |2 ddc |4 0 |6 342_000000000000000_CUM_1994 |7 0 |8 A |9 233922 |a BIBHIS |b BIBHIS |d 2019-11-15 |i 3038025 |o 342 CUM 1994 |p 3038025 |r 2025-01-20 |w 2019-11-15 |y BK |k HIS | ||